|
|
|
|
| LEADER |
02024cas a2200241 a 4500 |
| 001 |
AALejournalIMF019644 |
| 008 |
230101c9999 xx r poo 0 0eng d |
| 020 |
|
|
|c 5.00 USD
|
| 020 |
|
|
|z 9781498332866
|
| 022 |
|
|
|a 2663-3493
|
| 040 |
|
|
|a BD-DhAAL
|c BD-DhAAL
|
| 110 |
2 |
|
|a International Monetary Fund.
|
| 245 |
1 |
0 |
|a Precautionary Arrangements :
|b Purposes and Performance.
|
| 264 |
|
1 |
|a Washington, D.C. :
|b International Monetary Fund,
|c 2006.
|
| 300 |
|
|
|a 1 online resource (36 pages)
|
| 490 |
1 |
|
|a Policy Papers
|
| 500 |
|
|
|a <strong>Off-Campus Access:</strong> No User ID or Password Required
|
| 500 |
|
|
|a <strong>On-Campus Access:</strong> No User ID or Password Required
|
| 506 |
|
|
|a Electronic access restricted to authorized BRAC University faculty, staff and students
|
| 520 |
3 |
|
|a This paper compares experience under precautionary and non-precautionary programs over the period 1992-2005, with a view to answering two questions: Are there systematic differences between precautionary and non-precautionary programs in terms of policies, conditionality, or macroeconomic outcomes? And, if so, are these attributable to the nature of the arrangement or to the economic problems facing the member and the circumstances that led it to seek the Fund's support? The paper finds that countries with weak initial macroeconomic performance tend to request drawing programs whereas those with stronger macroeconomic fundamentals, but facing economic uncertainties, favor precautionary programs. While significant differences exist in the behavior of key macroeconomic variables (output growth and inflation) at the outset of the programs, these differences tend to disappear over the following two to three years, and can be largely explained by the different initial conditions facing the member.
|
| 538 |
|
|
|a Mode of access: Internet
|
| 830 |
|
0 |
|a Policy Papers; Policy Paper ;
|v No. 2006/011
|
| 856 |
4 |
0 |
|z Full text available on IMF
|u http://elibrary.imf.org/view/journals/007/2006/011/007.2006.issue-011-en.xml
|z IMF e-Library
|